[Event "Sochi Lobanov Memorial"]
[Site "Sochi"]
[Date "2021.06.15"]
[Round "1"]
[White "Zakaryan, David"]
[Black "Meremyanina, Kseniya"]
[Result "1-0"]
[WhiteElo "2318"]
[BlackElo "1693"]
[PlyCount "115"]
[EventDate "2021.06.15"]
[EventType "swiss"]
[EventRounds "9"]
[EventCountry "RUS"]
[SourceTitle "CBM 203 Extra"]
[Source "ChessBase"]
[SourceDate "2021.09.30"]
[SourceVersion "1"]
[SourceVersionDate "2021.09.30"]
[SourceQuality "1"]

1. d4 Nf6 2. c4 c5 3. d5 e6 4. Nc3 exd5 5. cxd5 d6 6. Bf4 g6 7. Nf3 Bg7 8. Qa4+ Bd7 9. Qb3 Qc7 10. Nd2 0-0 11. Nc4 b5 12. Nxb5 Bxb5 13. Qxb5 Rd8 14. Rd1 Ne8 15. e3 a6 16. Qb6 Qxb6 17. Nxb6 Ra7 18. Nc4 Rb7 19. Rd2 Nd7 20. Be2 Nb6 21. Na5 Rc7 22. 0-0 Na4 23. Nc6 Ra8 24. b3 Nc3 25. Bc4 Ne4 26. Rc2 g5 27. Bg3 Nxg3 28. hxg3 a5 29. a4 Nf6 30. f3 Kf8 31. g4 Nd7 32. Bb5 Nb6 33. Rd1 Rb7 34. Kf2 Nd7 35. Rh1 h6 36. g3 Nf6 37. Rd2 Rc7 38. Rc1 Rb7 39. Rc4 Nd7 40. f4 Bf6 41. e4 Nb6 42. Rc1 Nc8 43. e5 Bg7 44. Kf3 Na7 45. Nxa7 Rbxa7 46. exd6 Rd8 47. d7 Bd4 48. d6 Rb7 49. Rxd4 cxd4 50. Rc8 Rb8 51. Ba6 Rxb3+ 52. Ke4 Rb8 53. Rxb8 Rxb8 54. Bc8 Rb4 55. d8Q+ Kg7 56. f5 Rxa4 57. f6+ Kh7 58. Bf5# 1-0